000 00506nam a2200133Ia 4500
008 100328s9999 xx 000 0 und d
082 _b12221
100 _aरावकर माु
245 _aशिवस्फूर्तीची स्मृती रायगड
260 _bप्रसन्न
630 _aशिवस्फूर्तीची स्मृती रायगड
730 _aशिवस्फूर्तीची स्मृती रायगड
942 _cBOOK
999 _c507494
_d507491